Biggest upsets in NCAA Wrestling History - Statistics

General Stats
  • This quiz has been taken 46 times
  • The average score is 5 of 11
Answer Stats
Hint Answer % Correct
3x National Champion Spencer Lee Iowa Purdue Matt Ramos
97%
2x National ChampionVincenzo Joseph Penn State Virginia tech Mekhi Lewis
55%
3x National ChampionBo Nickal Penn State Ohio State Myles Martin
52%
2x National ChampionBrent Metcalf Iowa NC State Darrion Caldwell
48%
3x National ChampionDan Gable Iowa State Washington Larry Owings
42%
4x National ChampionLogan Stieber Ohio State Penn State Zain Retherford
42%
2x National ChampionIsaiah Martinez Illinois Penn State Vinzenco Joseph
39%
Number 1 All YearKollin Moore Ohio State Penn State Anthony Cassar
33%
Favorite to win it in 2015Nashon Garrett Cornell West Virginia Zeke Moisey
33%
Favorite to win it after Garret LostThomas Gilman Iowa West Virginia Zeke Moisey
33%
Number 1 All YearKollin Moore Ohio State Kent State Kyle Conel
18%
No matching quizzes found
Score Distribution
Percent of People with Each Score
Percentile by Number Answered
Your Score History
You have not taken this quiz